| 000 | 00528nam a22002177a 4500 | ||
|---|---|---|---|
| 001 | NCSLIB00001327 | ||
| 003 | OSt | ||
| 005 | 20210902090344.0 | ||
| 007 | NCSLIB00001327 | ||
| 008 | 210902b |||||||| |||| 00| 0 eng d | ||
| 010 | _aNCSLIB00001327 | ||
| 020 | _a053439664 | ||
| 040 | _cHU | ||
| 082 |
_22nd _a515/GOO/2004 |
||
| 100 |
_aGoodman _91259 |
||
| 245 | _aPrecalculus / Understanding Functions / | ||
| 250 | _a2nd | ||
| 260 |
_aAustralia _bThomson /Brooks/ Cole/ _c2004 |
||
| 300 | _a912p | ||
| 942 |
_2ddc _cBOOKS _n0 |
||
| 999 |
_c1537 _d1537 |
||